[Event "gameknot.com marekt's mini-tournament (1.b4 thematic) XX"]
[Site "?"]
[Date "2016.??.??"]
[Round "?"]
[White "headologer"]
[Black "gluv51"]
[Result "0-1"]
[WhiteElo "1950"]
[BlackElo "2090"]
[PlyCount "64"]
[EventDate "2016.??.??"]

1. b4 e5 2. Bb2 f6 3. e4 d5 4. f4 exf4 5. Qh5+ g6 6. Qxd5 Qxd5 7. exd5 Bxb4 8.
Bc4 Nd7 9. Ne2 Ne5 10. Bb3 f3 11. gxf3 Nxf3+ 12. Kf2 Nxd2 13. Nxd2 Bxd2 14.
Rad1 Bb4 15. Kg2 Bd7 16. Rhf1 O-O-O 17. Bxf6 Nxf6 18. Rxf6 Rhf8 19. Rdf1 c6 20.
Rxf8 Rxf8 21. Rxf8+ Bxf8 22. Nd4 cxd5 23. Bxd5 h6 24. Bf7 Bg7 25. Ne6 Bc3 26.
Nf8 Bc6+ 27. Kh3 g5 28. Kg4 Kd8 29. Bb3 Ke7 30. Ng6+ Kf6 31. Nf8 Bb4 32. Nh7+
Kg6 0-1

[Event "gameknot.com marekt's mini-tournament (1.b4 thematic) XX"]
[Site "?"]
[Date "2017.??.??"]
[Round "?"]
[White "southview"]
[Black "gluv51"]
[Result "0-1"]
[WhiteElo "2265"]
[BlackElo "2105"]
[PlyCount "108"]
[EventDate "2017.??.??"]

1. b4 e5 2. Bb2 f6 3. e4 d5 4. f4 exf4 5. Qh5+ g6 6. Qxd5 Qxd5 7. exd5 Bxb4 8.
Bc4 Nd7 9. Nf3 Nb6 10. Bb3 Bf5 11. Ng5 a5 12. a4 Ne7 13. Bxf6 Rf8 14. Bg7 Rg8
15. Bd4 Nbxd5 16. c3 h6 17. cxb4 hxg5 18. b5 Bd3 19. Nc3 O-O-O 20. Nxd5 Nxd5
21. Kf2 Rgf8 22. Bg7 Rf7 23. Bh6 Rf5 24. Rhe1 Rh8 25. Bg7 Rxh2 26. Be5 Ne3 27.
dxe3 Rxe5 28. exf4 Rxe1 29. Rxe1 gxf4 30. Be6+ Kb8 31. Bh3 Bc2 32. Ra1 Bf5 33.
Kg1 Rxh3 34. gxh3 Bxh3 35. Kf2 g5 36. Rg1 g4 37. Rc1 f3 38. Rc5 b6 39. Rg5 Kb7
40. Rg8 c5 41. Rg7+ Kc8 42. Kg3 Kb8 43. Kf2 Ka8 44. Rc7 Bg2 45. Rc6 Ka7 46.
Rc7+ Kb8 47. Rg7 Bh3 48. Rg8+ Kc7 49. Rg7+ Kc8 50. Rg8+ Kd7 51. Rg7+ Kc8 52.
Rg8+ Kd7 53. Rg7+ Kc8 54. Rg6 Kc7 0-1

[Event "gameknot.com marekt's mini-tournament (1.b4 thematic) XX"]
[Site "?"]
[Date "2017.??.??"]
[Round "?"]
[White "rcm06"]
[Black "srpolash"]
[Result "1/2-1/2"]
[WhiteElo "2140"]
[BlackElo "1970"]
[PlyCount "118"]
[EventDate "2017.??.??"]

1. b4 e5 2. Bb2 f6 3. e4 d5 4. f4 exf4 5. Qh5+ g6 6. Qxd5 Qxd5 7. exd5 Bxb4 8.
Bc4 Nd7 9. Nf3 Ne7 10. O-O Rf8 11. Re1 g5 12. Nc3 g4 13. Nd4 Ne5 14. Bb3 Bd7
15. Ne4 O-O-O 16. c3 Bd6 17. Rf1 f3 18. gxf3 gxf3 19. Ne6 f2+ 20. Rxf2 Rg8+ 21.
Rg2 Rxg2+ 22. Kxg2 Rg8+ 23. Kf1 Bb5+ 24. c4 Nxc4 25. Nxd6+ Nxd6+ 26. Kf2 c5 27.
dxc6 Bxc6 28. Nf4 Re8 29. d3 Ng6 30. Nxg6 hxg6 31. Re1 Rxe1 32. Kxe1 f5 33. h4
a5 34. Kf2 Kd7 35. Ke3 a4 36. Bd1 Ke6 37. h5 gxh5 38. Bxh5 Nb5 39. a3 Nc7 40.
Kf4 Bb5 41. Be2 Nd5+ 42. Kg5 Ne3 43. Bf3 Bc6 44. Bh5 Ng2 45. Bg6 f4 46. Kg4 b5
47. Bf5+ Kd6 48. Bd4 f3 49. Kg3 Kd5 50. Bg7 Kc5 51. Kf2 Kd6 52. Be4 Bxe4 53.
dxe4 Nf4 54. Kxf3 Ne6 55. Bb2 Kc5 56. e5 Kc4 57. Ke2 Nc7 58. Kd2 Kb3 59. Bc1 b4
1/2-1/2

[Event "gameknot.com marekt's mini-tournament (1.b4 thematic) XX"]
[Site "?"]
[Date "2017.??.??"]
[Round "?"]
[White "southview"]
[Black "tbre0022"]
[Result "0-1"]
[WhiteElo "2270"]
[BlackElo "2430"]
[PlyCount "112"]
[EventDate "2017.??.??"]

1. b4 e5 2. Bb2 f6 3. e4 d5 4. f4 exf4 5. Qh5+ g6 6. Qxd5 Qxd5 7. exd5 Bxb4 8.
Bc4 Nd7 9. Nf3 Nb6 10. Bb3 Bf5 11. O-O O-O-O 12. Nh4 Nxd5 13. Nxf5 gxf5 14. Nc3
Nge7 15. Nxd5 Nxd5 16. Rad1 Bc5+ 17. Kh1 Rhe8 18. c4 Nb4 19. d4 Bd6 20. Bc3 a5
21. Rf3 Re3 22. c5 Bf8 23. Kg1 Re4 24. Rh3 h6 25. Kf2 Nd5 26. Bxd5 Rxd5 27. Rb1
Re6 28. Re1 Kd7 29. Rxe6 Kxe6 30. Ke2 b6 31. cxb6 cxb6 32. Kd3 b5 33. Rf3 Rd8
34. Rxf4 b4 35. Bb2 a4 36. g3 Bd6 37. Rh4 Rc8 38. d5+ Kxd5 39. Bxf6 Rc1 40. Bg7
Rf1 41. Rxh6 Rf2 42. Rh5 Ke6 43. Rh6+ Ke7 44. Rh7 Rxa2 45. Bd4+ Ke6 46. Ra7
Ra3+ 47. Kc4 b3 48. Ra6 Ra2 49. Kd3 b2 50. Rb6 a3 51. Kc4 Kf7 52. Kd3 Bc7 53.
Rb3 Kg6 54. Kc2 Ra1 55. Bxb2 axb2 56. Rxb2 Be5 0-1

[Event "gameknot.com marekt's mini-tournament (1.b4 thematic) XX"]
[Site "?"]
[Date "2017.??.??"]
[Round "?"]
[White "southview"]
[Black "5imon"]
[Result "1-0"]
[WhiteElo "2265"]
[BlackElo "1870"]
[PlyCount "53"]
[EventDate "2017.??.??"]

1. b4 e5 2. Bb2 f6 3. e4 d5 4. f4 exf4 5. Qh5+ g6 6. Qxd5 Qxd5 7. exd5 Bxb4 8.
Bc4 Nd7 9. Nf3 Nb6 10. Bb3 Bf5 11. Ng5 O-O-O 12. Nf7 Re8+ 13. Kf2 Ne7 14. Nxh8
Rxh8 15. Re1 Nexd5 16. c4 Ne7 17. Bxf6 Re8 18. Bc3 Bxc3 19. Nxc3 Kd8 20. Ne4
Nc6 21. Ng5 Nb4 22. Rxe8+ Kxe8 23. Nxh7 Bd3 24. Re1+ Kd7 25. Nf8+ Kd6 26. Re6+
Kc5 27. Nxg6 1-0

[Event "gameknot.com marekt's mini-tournament (1.b4 thematic) XX"]
[Site "?"]
[Date "2017.??.??"]
[Round "?"]
[White "rcm06"]
[Black "reza34861"]
[Result "1-0"]
[WhiteElo "2125"]
[BlackElo "1960"]
[PlyCount "134"]
[EventDate "2017.??.??"]

1. b4 e5 2. Bb2 f6 3. e4 d5 4. f4 exf4 5. Qh5+ g6 6. Qxd5 Qxd5 7. exd5 Bxb4 8.
Bc4 Bf5 9. Ne2 Nd7 10. Nxf4 Bxc2 11. Ne6 Ke7 12. O-O Nb6 13. Na3 Ba4 14. Nxc7
Rc8 15. d6+ Kxd6 16. Nab5+ Bxb5 17. Nxb5+ Kd7 18. Be2 Rc2 19. Bg4+ Kd8 20. Rab1
Nd5 21. Bf3 Nge7 22. Bxf6 Nxf6 23. Rxb4 Rxd2 24. Nxa7 Rf8 25. Rxb7 Nd7 26. Nb5
Rf4 27. h3 Rc4 28. Bg4 Nf5 29. Bxf5 gxf5 30. Rxf5 Rcc2 31. Rg5 Rxa2 32. Rg8+
Ke7 33. Rg7+ Ke6 34. Nc3 Ra1+ 35. Kh2 Nf6 36. Rbe7+ Kd6 37. Ne4+ Nxe4 38. Rxe4
Ra5 39. Re8 Rc2 40. Rh8 Rh5 41. Rhxh7 Rxh7 42. Rxh7 Ke6 43. Rh5 Kf6 44. h4 Rc4
45. g3 Kg6 46. Rb5 Kh6 47. h5 Rc2+ 48. Kh3 Rc1 49. Rd5 Re1 50. Kh4 Rh1+ 51. Kg4
Rg1 52. Rd6+ Kh7 53. h6 Kh8 54. Kh4 Rh1+ 55. Kg5 Rc1 56. Kg6 Rc8 57. g4 Rg8+
58. Kh5 Re8 59. g5 Rc8 60. g6 Rc5+ 61. Kg4 Rc8 62. Kg5 Rc5+ 63. Kf6 Rc8 64. h7
Rb8 65. Kg5 Rf8 66. Kh6 Rg8 67. hxg8=R+ Kxg8 1-0

[Event "gameknot.com marekt's mini-tournament (1.b4 thematic) XX"]
[Site "?"]
[Date "2017.??.??"]
[Round "?"]
[White "breughel"]
[Black "srpolash"]
[Result "1/2-1/2"]
[WhiteElo "2340"]
[BlackElo "1900"]
[PlyCount "112"]
[EventDate "2017.??.??"]

1. b4 e5 2. Bb2 f6 3. e4 d5 4. f4 exf4 5. Qh5+ g6 6. Qxd5 Qxd5 7. exd5 Bxb4 8.
Bc4 Bf5 9. Ne2 Nd7 10. Nxf4 O-O-O 11. Ne6 Re8 12. O-O Bxc2 13. Bd4 Nb6 14. a3
Bd6 15. Bxb6 axb6 16. Nc3 c6 17. Rac1 Bf5 18. Nb5 Rxe6 19. dxc6 Bxh2+ 20. Kxh2
Rxc6 21. Na7+ Kd7 22. Bb5 Ne7 23. Rf4 Kd6 24. Bxc6 bxc6 25. Rd4+ Kc7 26. Nb5+
Kb8 27. Re1 Nc8 28. Nd6 c5 29. Rd5 Rd8 30. Re8 Rxe8 31. Nxe8 Kb7 32. a4 Be6 33.
Rd8 f5 34. Kg3 g5 35. Kf2 Bb3 36. Rd7+ Kb8 37. Rxh7 Bxa4 38. Nf6 Nd6 39. Nd7+
Bxd7 40. Rxd7 Nb5 41. Ke3 Nd4 42. Kd3 Kc8 43. Rg7 b5 44. Rxg5 Kd7 45. Rg6 Ne6
46. Rf6 Nf4+ 47. Kc2 Ne2 48. Kb2 Nd4 49. d3 b4 50. g4 fxg4 51. Rg6 Nf3 52. Rxg4
Ne5 53. Rg3 Kc6 54. Kc2 Kd5 55. Rh3 c4 56. dxc4+ Kxc4 1/2-1/2

[Event "gameknot.com marekt's mini-tournament (1.b4 thematic) XX"]
[Site "?"]
[Date "2016.??.??"]
[Round "?"]
[White "southview"]
[Black "headologer"]
[Result "1-0"]
[WhiteElo "2250"]
[BlackElo "1940"]
[PlyCount "55"]
[EventDate "2016.??.??"]

1. b4 e5 2. Bb2 f6 3. e4 d5 4. f4 exf4 5. Qh5+ g6 6. Qxd5 Qxd5 7. exd5 Bxb4 8.
Bc4 Bf5 9. Ne2 Bd6 10. Nbc3 c5 11. Nb5 Kd7 12. d4 Na6 13. Nxd6 Kxd6 14. Ba3 b6
15. Bxa6 Ne7 16. Nxf4 Nxd5 17. dxc5+ bxc5 18. O-O-O Be4 19. Nxd5 Bxd5 20. Bc4
Rad8 21. Rxd5+ Kc6 22. Rxc5+ Kb6 23. Rf1 f5 24. Rf3 Kb7 25. Rb3+ Ka8 26. Rc8+
Rxc8 27. Bd5+ Rc6 28. Bxc6# 1-0

[Event "gameknot.com marekt's mini-tournament (1.b4 thematic) XX"]
[Site "?"]
[Date "2016.??.??"]
[Round "?"]
[White "southview"]
[Black "rcm06"]
[Result "1/2-1/2"]
[WhiteElo "2260"]
[BlackElo "2130"]
[PlyCount "93"]
[EventDate "2016.??.??"]

1. b4 e5 2. Bb2 f6 3. e4 d5 4. f4 exf4 5. Qh5+ g6 6. Qxd5 Qxd5 7. exd5 Bxb4 8.
Bc4 Bf5 9. Ne2 f3 10. gxf3 Nd7 11. a3 Bd6 12. d3 Ne5 13. Nd2 Nxc4 14. Nxc4 Rd8
15. Nxd6+ Rxd6 16. Nc3 Kf7 17. a4 Rd8 18. Ba3 Ne7 19. Bxe7 Rhe8 20. Kf2 Rxe7
21. Rhb1 b6 22. a5 g5 23. Rb4 Bc8 24. axb6 axb6 25. Ra8 Red7 26. Rc4 Ke7 27.
Ne4 Bb7 28. Rxd8 Kxd8 29. Nxf6 Rd6 30. Nxh7 Bxd5 31. Rd4 c5 32. Rg4 Rh6 33.
Nxg5 Rxh2+ 34. Rg2 Rxg2+ 35. Kxg2 c4 36. dxc4 Bxc4 37. f4 Ke7 38. Kf3 Ba2 39.
c3 Bb1 40. Ke3 Bc2 41. Kd4 Kf6 42. Nf3 Kf5 43. Ke3 Kf6 44. Nd4 Bg6 45. Nc6 Ke6
46. Nd4+ Kd5 47. f5 1/2-1/2

[Event "gameknot.com marekt's mini-tournament (1.b4 thematic) XX"]
[Site "?"]
[Date "2016.??.??"]
[Round "?"]
[White "rcm06"]
[Black "tbre0022"]
[Result "0-1"]
[WhiteElo "2130"]
[BlackElo "2405"]
[PlyCount "102"]
[EventDate "2016.??.??"]

1. b4 e5 2. Bb2 f6 3. e4 d5 4. f4 exf4 5. Qh5+ g6 6. Qxd5 Qxd5 7. exd5 Bxb4 8.
Bc4 Bg4 9. Nf3 Bxf3 10. gxf3 Nd7 11. Nc3 Bxc3 12. Bxc3 O-O-O 13. O-O-O Nb6 14.
d3 Nxd5 15. Bxd5 Rxd5 16. Rde1 h6 17. Re8+ Rd8 18. Re6 Kd7 19. Rhe1 Rh7 20.
Bxf6 Rf8 21. Bb2 Ne7 22. R6e4 g5 23. Rd4+ Kc8 24. Ra4 a6 25. Ba3 Rff7 26. Kd2
Nf5 27. Re8+ Kd7 28. Re5 Rh8 29. Rae4 b6 30. Bb2 Nd6 31. Re2 Rhh7 32. a4 Re7
33. h4 Rxe5 34. Rxe5 Re7 35. hxg5 Rxe5 36. Bxe5 hxg5 37. Bf6 Nf7 38. Ke1 Ke6
39. Ba1 Nd6 40. Bh8 b5 41. axb5 axb5 42. Kd2 Nf5 43. c3 c5 44. Kd1 Nh4 45. Ke2
Ng6 46. Bg7 Kf7 47. Bh6 Kf6 48. Kd2 Ne5 49. Bf8 Nxf3+ 50. Ke2 g4 51. Bxc5 Ne5
0-1

[Event "gameknot.com marekt's mini-tournament (1.b4 thematic) XX"]
[Site "?"]
[Date "2017.??.??"]
[Round "?"]
[White "southview"]
[Black "marekt"]
[Result "0-1"]
[WhiteElo "2275"]
[BlackElo "2160"]
[PlyCount "34"]
[EventDate "2017.??.??"]

1. b4 e5 2. Bb2 f6 3. e4 d5 4. f4 exf4 5. Qh5+ g6 6. Qxd5 Qxd5 7. exd5 Bxb4 8.
Bc4 Bg4 9. Ne2 f3 10. gxf3 Bxf3 11. O-O Bxe2 12. Bxe2 Nd7 13. Nc3 Ne7 14. Ne4
Nxd5 15. c4 N5b6 16. c5 Nxc5 17. Nxf6+ Ke7 0-1